Geograficzne debiuty szachowe - nagła śmierć - Statystyki

Ogólne statystyki
  • Ten quiz został rozwiązany 223 razy
  • Średni wynik to 9 z 15
Answers on the Grid
Answers color-coded by a green-red scale on the quiz's grid according to % correct below.
System Londyński
Obrona Francuska
Gambit Portugalski
Obrona Skandynawska
Obrona Holenderska
Partia Katalońska
Partia Szkocka
Partia Angielska
Partia Hiszpańska
Partia Włoska
Gambit Budapesztański
Partia Polska
Obrona Sycylijska
Partia Wiedeńska
Partia Bukaresztańska
Obrona Sardyńska
Obrona Andorska
Partia Walijska
System Glasgowski
Obrona Belgijska
Gambit Watykański
Partia Ukraińska
Obrona Gruzińska
Gambit Duński
 
Statystyki odpowiedzi
Odpowiedź % Poprawnych
Obrona Sycylijska
82%
Partia Włoska
71%
Obrona Francuska
69%
Obrona Skandynawska
68%
Partia Angielska
68%
System Londyński
66%
Partia Hiszpańska
65%
Obrona Holenderska
60%
Partia Wiedeńska
55%
Partia Szkocka
54%
Gambit Duński
52%
Partia Polska
52%
Partia Katalońska
48%
Gambit Budapesztański
46%
Gambit Portugalski
44%
Nie znaleziono quizów pasujących do podanych kryteriów
Rozkład punktacji
Procent ludzi z każdym wynikiem
Percentyl według liczby udzielonych odpowiedzi
Twoja historia wyników
Nie rozwiązałeś tego quizu